रामकथा के विविध आयाम / (Record no. 206460)

MARC details
000 -LEADER
fixed length control field 00903nam a22002057a 4500
005 - DATE AND TIME OF LATEST TRANSACTION
control field 20241126110125.0
010 ## - LCCN (DPL NO)
LC control number HIN-128668
020 ## - INTERNATIONAL STANDARD BOOK NUMBER
Terms of availability 850.00
International Standard Book Number 9788189147181
035 ## - SYSTEM CONTROL NUMBER
System control number HN-101014
037 ## - SOURCE OF ACQUISITION
Source of stock number/acquisition DBAD
082 ## - DEWEY DECIMAL CLASSIFICATION NUMBER
Classification number 230.2
100 ## - MAIN ENTRY--PERSONAL NAME
Personal name गर्ग,प्रवीण
245 ## - TITLE STATEMENT
Title रामकथा के विविध आयाम /
Statement of responsibility, etc प्रवीण गर्ग और विनीता कुमारी
250 ## - EDITION STATEMENT
Edition statement प्रथम
260 ## - PUBLICATION, DISTRIBUTION, ETC. (IMPRINT)
Place of publication, distribution, etc दिल्ली
Name of publisher, distributor, etc मल्लिका बुक्स
Date of publication, distribution, etc 2022
270 ## - ADDRESS
Address 348,मैन रोड, संत नगर , बुरारी
City दिल्ली
Postal code 110 084
Telephone number 27612927
-- 9650302773
Electronic mail address mallikabooks@yahoo.in
300 ## - PHYSICAL DESCRIPTION
Extent 298पृ.
Dimensions 22सेमी. (सजिल्द)
700 ## - ADDED ENTRY--PERSONAL NAME
9 (RLIN) 72903
Personal name विनीता कुमारी
942 ## - ADDED ENTRY ELEMENTS (KOHA)
Source of classification or shelving scheme Dewey Decimal Classification
Item type Hindi Books
Classification part 230.2
Call number suffix गर्गप
Holdings
Withdrawn status Lost status Not for loan Collection code Home library Current library Date acquired Source of acquisition Cost, normal purchase price Full call number Barcode Copy number Cost, replacement price Koha item type
      Non-fiction Bawana Bawana 17/10/2024 DBAD 850.00 230.2 गर्गप HN-101014 1 850.00 Hindi Books

© Delhi Public Library
Hit Counter
free hit counter